[Event "Team Championship Russia (Blitz, Men)"]
[Site "Sochi"]
[Date "2018.10.10"]
[Round "2.31"]
[White "Terzyan, Nazar"]
[Black "Okun, Evgeny"]
[Result "1-0"]
[BlackElo "2197"]
[WhiteElo "2023"]
[LiveChessVersion "1.4.8"]

1. e4 {[%clk 0:03:03]} c5 {[%clk 0:03:03]} 2. Nf3 {[%clk 0:03:03]} g6
{[%clk 0:03:05]} 3. d4 {[%clk 0:03:03]} cxd4 {[%clk 0:03:06]} 4. Nxd4
{[%clk 0:03:04]} Bg7 {[%clk 0:03:07]} 5. Nc3 {[%clk 0:03:04]} Nc6
{[%clk 0:03:08]} 6. Be3 {[%clk 0:03:05]} Nf6 {[%clk 0:03:10]} 7. f3
{[%clk 0:03:06]} d5 {[%clk 0:03:07]} 8. Bb5 {[%clk 0:03:07]} Bd7 {[%clk 0:02:46]}
9. exd5 {[%clk 0:03:04]} Nb8 {[%clk 0:02:39]} 10. O-O {[%clk 0:02:52]} a6
{[%clk 0:02:41]} 11. Bd3 {[%clk 0:02:45]} O-O {[%clk 0:02:38]} 12. Nde2
{[%clk 0:02:40]} b5 {[%clk 0:02:28]} 13. a3 {[%clk 0:02:35]} Bc8 {[%clk 0:02:27]}
14. Be4 {[%clk 0:02:23]} Bb7 {[%clk 0:02:23]} 15. d6 {[%clk 0:02:17]} Nxe4
{[%clk 0:02:22]} 16. dxe7 {[%clk 0:02:12]} Qxe7 {[%clk 0:02:19]} 17. fxe4
{[%clk 0:02:12]} Rd8 {[%clk 0:01:52]} 18. Qe1 {[%clk 0:02:10]} f5
{[%clk 0:01:45]} 19. Bb6 {[%clk 0:02:05]} fxe4 {[%clk 0:01:08]} 20. Bxd8
{[%clk 0:02:05]} Qxd8 {[%clk 0:01:10]} 21. Rd1 {[%clk 0:02:03]} Nd7
{[%clk 0:01:03]} 22. Nf4 {[%clk 0:02:02]} Qe7 {[%clk 0:00:56]} 23. Qd2
{[%clk 0:01:57]} Ne5 {[%clk 0:00:48]} 24. Kh1 {[%clk 0:01:43]} Rf8
{[%clk 0:00:43]} 25. Rfe1 {[%clk 0:01:36]} Ng4 {[%clk 0:00:36]} 26. Nfd5
{[%clk 0:01:34]} Qh4 27. g3 {[%clk 0:01:27]} Qh3 {[%clk 0:00:24]} 28. Nxe4
{[%clk 0:01:20]} Kh8 {[%clk 0:00:17]} 29. Nf4 {[%clk 0:01:20]} Rxf4
{[%clk 0:00:10]} 30. gxf4 {[%clk 0:01:21]} Qf3+ {[%clk 0:00:10]} 31. Qg2
{[%clk 0:01:20]} Nf2+ {[%clk 0:00:06]} 32. Kg1 {[%clk 0:01:16]} Nh3+
{[%clk 0:00:06]} 33. Kh1 {[%clk 0:01:16]} Nf2+ {[%clk 0:00:07]} 34. Kg1
{[%clk 0:01:17]} Nh3+ {[%clk 0:00:08]} 35. Qxh3 {[%clk 0:01:09]} Qxh3
{[%clk 0:00:09]} 36. Rd8+ {[%clk 0:01:11]} Bf8 {[%clk 0:00:11]} 37. Rxf8+
{[%clk 0:01:10]} Kg7 {[%clk 0:00:12]} 38. Rf7+ {[%clk 0:01:11]} Kg8
{[%clk 0:00:09]} 39. Rxb7 {[%clk 0:01:06]} Qg4+ {[%clk 0:00:06]} 40. Ng3
{[%clk 0:01:06]} Kf8 {[%clk 0:00:00]} 1-0

[Event "Team Championship Russia (Blitz, Men)"]
[Site "Sochi"]
[Date "2018.10.10"]
[Round "2.32"]
[White "Kostin, Alexey"]
[Black "Grigoriants, Boris"]
[Result "1-0"]
[BlackElo "1854"]
[WhiteElo "2314"]
[LiveChessVersion "1.4.8"]

1. e4 {[%clk 0:03:03]} e5 {[%clk 0:03:02]} 2. Nf3 {[%clk 0:03:04]} Nc6
{[%clk 0:03:03]} 3. Bc4 {[%clk 0:03:05]} Bc5 {[%clk 0:03:04]} 4. c3
{[%clk 0:03:06]} Nf6 {[%clk 0:03:05]} 5. d4 {[%clk 0:03:07]} exd4
{[%clk 0:03:06]} 6. cxd4 {[%clk 0:03:08]} Bb4+ {[%clk 0:03:07]} 7. Bd2
{[%clk 0:03:09]} Nxe4 {[%clk 0:03:04]} 8. Bxb4 {[%clk 0:03:09]} Nxb4
{[%clk 0:03:05]} 9. Bxf7+ {[%clk 0:03:09]} Kf8 {[%clk 0:03:06]} 10. O-O
{[%clk 0:02:58]} Kxf7 {[%clk 0:03:00]} 11. Qb3+ {[%clk 0:02:58]} Kf8
{[%clk 0:03:01]} 12. Qxb4+ {[%clk 0:02:58]} Qe7 {[%clk 0:03:02]} 13. Qxe7+
{[%clk 0:02:58]} Kxe7 {[%clk 0:03:03]} 14. Re1 {[%clk 0:02:59]} d5
{[%clk 0:03:02]} 15. Nc3 {[%clk 0:03:00]} c6 {[%clk 0:02:45]} 16. Nxe4
{[%clk 0:02:58]} dxe4 {[%clk 0:02:46]} 17. Rxe4+ {[%clk 0:02:58]} Kf6
{[%clk 0:02:39]} 18. Rae1 {[%clk 0:02:53]} Bf5 {[%clk 0:02:26]} 19. Re7
{[%clk 0:02:53]} Rab8 {[%clk 0:02:16]} 20. h3 {[%clk 0:02:53]} h5
{[%clk 0:02:13]} 21. Rc7 {[%clk 0:02:44]} Rhc8 {[%clk 0:01:39]} 22. Ree7
{[%clk 0:02:40]} Rxc7 {[%clk 0:01:35]} 23. Rxc7 {[%clk 0:02:41]} g5
{[%clk 0:01:33]} 24. Ne5 {[%clk 0:02:36]} a5 {[%clk 0:01:19]} 25. Nd7+
{[%clk 0:02:30]} Bxd7 {[%clk 0:01:18]} 26. Rxd7 {[%clk 0:02:31]} a4
{[%clk 0:01:14]} 27. d5 {[%clk 0:02:29]} cxd5 {[%clk 0:01:11]} 28. Rxd5
{[%clk 0:02:29]} b5 {[%clk 0:01:11]} 29. a3 {[%clk 0:02:25]} b4 {[%clk 0:01:12]}
30. Ra5 {[%clk 0:02:25]} bxa3 {[%clk 0:00:41]} 31. bxa3 {[%clk 0:02:25]} Rb1+
{[%clk 0:00:39]} 32. Kh2 {[%clk 0:02:26]} Rb2 {[%clk 0:00:39]} 33. f3
{[%clk 0:02:25]} Ra2 {[%clk 0:00:37]} 34. Rxa4 {[%clk 0:02:24]} Kf5
{[%clk 0:00:36]} 35. h4 {[%clk 0:02:15]} gxh4 {[%clk 0:00:18]} 36. Rxh4
{[%clk 0:02:10]} Rxa3 {[%clk 0:00:19]} 37. Rxh5+ {[%clk 0:02:11]} Kf4
{[%clk 0:00:15]} 38. Rh4+ {[%clk 0:02:10]} Kg5 {[%clk 0:00:17]} 39. Kg3
{[%clk 0:02:11]} Rb3 {[%clk 0:00:12]} 40. Rc4 {[%clk 0:02:10]} Rb5
{[%clk 0:00:09]} 41. f4+ {[%clk 0:02:07]} Kf5 {[%clk 0:00:10]} 42. Kh4
{[%clk 0:02:06]} Rb1 {[%clk 0:00:05]} 43. g4+ {[%clk 0:02:06]} Kg6
{[%clk 0:00:06]} 44. Rc6+ {[%clk 0:02:07]} Kf7 {[%clk 0:00:08]} 45. Kg5
{[%clk 0:02:08]} Rb5+ {[%clk 0:00:08]} 46. f5 {[%clk 0:02:09]} Rd5
{[%clk 0:00:08]} 47. Rc7+ {[%clk 0:02:09]} Kg8 {[%clk 0:00:09]} 48. Kg6
{[%clk 0:02:10]} Rd6+ {[%clk 0:00:10]} 49. f6 {[%clk 0:02:11]} Rd8
{[%clk 0:00:10]} 50. Rg7+ {[%clk 0:02:05]} Kf8 {[%clk 0:00:09]} 51. Rh7
{[%clk 0:02:06]} 1-0

[Event "Team Championship Russia (Blitz, Men)"]
[Site "Sochi"]
[Date "2018.10.10"]
[Round "2.33"]
[White "Chos, Alexey"]
[Black "Girshgorn, Leonid"]
[Result "1/2-1/2"]
[BlackElo "2242"]
[WhiteElo "2229"]
[LiveChessVersion "1.4.8"]

1. Nf3 {[%clk 0:03:03]} d5 {[%clk 0:03:03]} 2. g3 {[%clk 0:03:04]} c6
{[%clk 0:03:05]} 3. Bg2 {[%clk 0:03:05]} Bg4 {[%clk 0:03:06]} 4. O-O
{[%clk 0:03:05]} Nd7 {[%clk 0:03:08]} 5. d3 {[%clk 0:03:00]} e6 {[%clk 0:03:09]}
6. Nbd2 {[%clk 0:03:01]} Ngf6 {[%clk 0:03:10]} 7. h3 {[%clk 0:03:01]} Bxf3
{[%clk 0:03:09]} 8. Nxf3 {[%clk 0:02:49]} Be7 {[%clk 0:03:10]} 9. c3
{[%clk 0:02:48]} O-O {[%clk 0:03:10]} 10. Qc2 {[%clk 0:02:49]} b5
{[%clk 0:03:04]} 11. e4 {[%clk 0:02:47]} Qb6 {[%clk 0:03:02]} 12. g4
{[%clk 0:02:44]} dxe4 {[%clk 0:02:36]} 13. dxe4 {[%clk 0:02:44]} Nc5
{[%clk 0:02:37]} 14. Nd4 {[%clk 0:02:20]} Rad8 {[%clk 0:02:34]} 15. Be3
{[%clk 0:02:19]} Qc7 {[%clk 0:02:30]} 16. f4 {[%clk 0:02:04]} e5 {[%clk 0:01:57]}
17. Nf5 {[%clk 0:02:04]} exf4 {[%clk 0:01:57]} 18. Bxf4 {[%clk 0:02:02]} Qb7
{[%clk 0:01:59]} 19. Qe2 {[%clk 0:01:44]} Ne6 {[%clk 0:01:57]} 20. Bg3
{[%clk 0:01:39]} Bc5+ {[%clk 0:01:58]} 21. Kh1 {[%clk 0:01:40]} Rfe8
{[%clk 0:01:43]} 22. Be5 {[%clk 0:01:33]} Nd7 {[%clk 0:01:42]} 23. Bg3
{[%clk 0:01:01]} Nb6 {[%clk 0:01:37]} 24. Qf3 {[%clk 0:00:59]} Nc4
{[%clk 0:01:33]} 25. Qe2 {[%clk 0:00:57]} Rd2 {[%clk 0:01:31]} 26. Qf3
{[%clk 0:00:55]} Rxb2 {[%clk 0:01:07]} 27. e5 {[%clk 0:00:56]} Nd2
{[%clk 0:00:48]} 28. Qxc6 {[%clk 0:00:50]} Qxc6 {[%clk 0:00:49]} 29. Bxc6
{[%clk 0:00:50]} Nxf1 {[%clk 0:00:50]} 30. Bxe8 {[%clk 0:00:47]} Nxg3+
{[%clk 0:00:50]} 31. Nxg3 {[%clk 0:00:48]} Ng5 {[%clk 0:00:46]} 32. a4
{[%clk 0:00:40]} Nf3 {[%clk 0:00:46]} 33. Nf1 {[%clk 0:00:41]} bxa4
{[%clk 0:00:36]} 34. Bxa4 {[%clk 0:00:37]} Nxe5 {[%clk 0:00:31]} 35. Re1
{[%clk 0:00:33]} f6 {[%clk 0:00:29]} 36. Rd1 {[%clk 0:00:29]} a5 {[%clk 0:00:24]}
37. Nd2 {[%clk 0:00:29]} Nd3 {[%clk 0:00:24]} 38. Ne4 {[%clk 0:00:20]} Nf2+
{[%clk 0:00:10]} 39. Nxf2 {[%clk 0:00:21]} Rxf2 {[%clk 0:00:11]} 40. Rd5
{[%clk 0:00:20]} Bb6 {[%clk 0:00:08]} 41. Rb5 {[%clk 0:00:20]} Bc7
{[%clk 0:00:07]} 42. Rb7 {[%clk 0:00:21]} Be5 {[%clk 0:00:07]} 43. Bb3+
{[%clk 0:00:22]} Kf8 {[%clk 0:00:06]} 44. Rf7+ {[%clk 0:00:22]} Ke8
{[%clk 0:00:08]} 45. Rxg7 {[%clk 0:00:22]} Rh2+ {[%clk 0:00:09]} 46. Kg1
{[%clk 0:00:23]} Rxh3 {[%clk 0:00:10]} 47. Ba4+ {[%clk 0:00:21]} Kf8
{[%clk 0:00:11]} 48. Ra7 {[%clk 0:00:17]} Bxc3 {[%clk 0:00:12]} 49. Kg2
{[%clk 0:00:18]} Rh4 {[%clk 0:00:08]} 50. Bd7 {[%clk 0:00:17]} Bb4
{[%clk 0:00:06]} 51. Bf5 {[%clk 0:00:17]} h5 {[%clk 0:00:06]} 52. Rh7
{[%clk 0:00:13]} a4 {[%clk 0:00:04]} 53. gxh5 {[%clk 0:00:06]} a3
{[%clk 0:00:05]} 54. Be6 {[%clk 0:00:04]} Re4 {[%clk 0:00:05]} 55. Bd5
{[%clk 0:00:04]} Rd4 {[%clk 0:00:05]} 56. Be6 {[%clk 0:00:05]} a2
{[%clk 0:00:07]} 57. Ra7 {[%clk 0:00:04]} Rd2+ {[%clk 0:00:05]} 58. Kf3
{[%clk 0:00:05]} Rd3+ {[%clk 0:00:03]} 59. Ke4 {[%clk 0:00:05]} Ra3
{[%clk 0:00:04]} 60. Rxa3 {[%clk 0:00:07]} Bxa3 {[%clk 0:00:05]} 61. Bxa2
{[%clk 0:00:07]} Kg7 {[%clk 0:00:06]} 62. Kf5 Kh6 63. Kxf6 {[%clk 0:00:09]} Kxh5
{[%clk 0:00:05]} 64. Kf5 {[%clk 0:00:09]} 1/2-1/2

[Event "Team Championship Russia (Blitz, Men)"]
[Site "Sochi"]
[Date "2018.10.10"]
[Round "2.34"]
[White "Tsvetkov, Andrey"]
[Black "Linker, Mikhail"]
[Result "1-0"]
[BlackElo "2195"]
[WhiteElo "2215"]
[LiveChessVersion "1.4.8"]

1. d4 {[%clk 0:03:03]} Nf6 {[%clk 0:03:03]} 2. c4 {[%clk 0:03:05]} g6
{[%clk 0:03:04]} 3. Nc3 {[%clk 0:03:06]} d5 {[%clk 0:03:05]} 4. cxd5
{[%clk 0:03:07]} Nxd5 {[%clk 0:03:05]} 5. Na4 {[%clk 0:03:08]} Bg7
{[%clk 0:03:05]} 6. e4 {[%clk 0:03:10]} Nb6 7. Be3 O-O {[%clk 0:03:05]} 8. Nf3
{[%clk 0:03:13]} Nc6 {[%clk 0:03:02]} 9. Nc5 {[%clk 0:03:13]} Nd7
{[%clk 0:02:48]} 10. Nb3 {[%clk 0:02:51]} a5 {[%clk 0:02:44]} 11. Be2
{[%clk 0:02:35]} a4 12. Nbd2 Nb6 {[%clk 0:02:35]} 13. d5 {[%clk 0:02:34]} Ne5
{[%clk 0:02:33]} 14. Nxe5 {[%clk 0:02:16]} Bxe5 {[%clk 0:02:33]} 15. Bxb6
{[%clk 0:02:17]} cxb6 {[%clk 0:02:31]} 16. Nc4 {[%clk 0:02:18]} Bg7
{[%clk 0:02:27]} 17. Qd2 {[%clk 0:02:19]} b5 {[%clk 0:02:24]} 18. Na3
{[%clk 0:02:16]} f5 {[%clk 0:02:13]} 19. O-O {[%clk 0:02:05]} fxe4
{[%clk 0:02:13]} 20. Bxb5 {[%clk 0:02:05]} Qd6 {[%clk 0:01:39]} 21. Rae1
{[%clk 0:01:37]} e6 {[%clk 0:01:18]} 22. Rxe4 {[%clk 0:01:22]} exd5
{[%clk 0:01:16]} 23. Bc4 {[%clk 0:01:15]} Rd8 {[%clk 0:01:14]} 24. Rd1
{[%clk 0:01:13]} Bf5 {[%clk 0:01:08]} 25. Ree1 {[%clk 0:00:59]} dxc4
{[%clk 0:00:43]} 26. Qxd6 {[%clk 0:00:56]} Rxd6 {[%clk 0:00:44]} 27. Rxd6
{[%clk 0:00:57]} Bf8 {[%clk 0:00:33]} 28. Nxc4 {[%clk 0:00:32]} Bxd6
{[%clk 0:00:31]} 29. Nxd6 {[%clk 0:00:34]} Rd8 {[%clk 0:00:19]} 30. Re8+
{[%clk 0:00:08]} Rxe8 {[%clk 0:00:19]} 31. Nxe8 {[%clk 0:00:09]} Kf8
{[%clk 0:00:11]} 32. Nd6 {[%clk 0:00:10]} Be6 {[%clk 0:00:12]} 33. Nxb7
{[%clk 0:00:07]} Bxa2 {[%clk 0:00:13]} 34. Nc5 {[%clk 0:00:09]} Ke7
{[%clk 0:00:07]} 35. Nxa4 {[%clk 0:00:09]} Kd6 {[%clk 0:00:08]} 36. Nc3
{[%clk 0:00:11]} Bc4 {[%clk 0:00:10]} 37. f3 {[%clk 0:00:05]} Kc5
{[%clk 0:00:09]} 38. Kf2 {[%clk 0:00:07]} Kb4 {[%clk 0:00:11]} 39. Ne4
{[%clk 0:00:08]} h6 {[%clk 0:00:10]} 40. Ke3 {[%clk 0:00:07]} Kb3
{[%clk 0:00:11]} 41. Nd2+ {[%clk 0:00:08]} 1-0

[Event "Team Championship Russia (Blitz, Men)"]
[Site "Sochi"]
[Date "2018.10.10"]
[Round "2.35"]
[White "Alexeev, Alexey"]
[Black "Mochalin, Faddey"]
[Result "0-1"]
[BlackElo "1886"]
[WhiteElo "2363"]
[LiveChessVersion "1.4.8"]

1. e4 {[%clk 0:03:03]} e6 {[%clk 0:03:04]} 2. d4 {[%clk 0:03:03]} d5
{[%clk 0:03:05]} 3. Nd2 {[%clk 0:03:04]} Be7 {[%clk 0:03:06]} 4. Ngf3
{[%clk 0:03:03]} Nf6 {[%clk 0:03:07]} 5. Bd3 {[%clk 0:03:02]} c5 {[%clk 0:03:07]}
6. c3 {[%clk 0:03:02]} cxd4 {[%clk 0:03:02]} 7. cxd4 {[%clk 0:03:03]} dxe4
{[%clk 0:03:03]} 8. Nxe4 {[%clk 0:03:03]} Nc6 {[%clk 0:03:03]} 9. O-O
{[%clk 0:03:03]} O-O {[%clk 0:03:03]} 10. Nc3 {[%clk 0:03:04]} b6
{[%clk 0:03:02]} 11. Re1 {[%clk 0:03:04]} Bb7 {[%clk 0:03:02]} 12. a3
{[%clk 0:03:02]} Rc8 {[%clk 0:02:55]} 13. Bc2 {[%clk 0:03:03]} Qd6
{[%clk 0:01:23]} 14. Qd3 {[%clk 0:03:03]} g6 {[%clk 0:01:22]} 15. Bh6
{[%clk 0:02:54]} Rfd8 {[%clk 0:01:23]} 16. Rad1 {[%clk 0:02:54]} Na5
{[%clk 0:00:17]} 17. Ne5 {[%clk 0:02:54]} Nd5 {[%clk 0:00:06]} 18. Ne4
{[%clk 0:02:44]} Qc7 {[%clk 0:00:06]} 19. Bb1 {[%clk 0:02:23]} f6
{[%clk 0:00:07]} 20. Nxg6 {[%clk 0:01:54]} hxg6 {[%clk 0:00:07]} 21. Ng5
{[%clk 0:01:55]} Nf4 {[%clk 0:00:05]} 22. Qg3 {[%clk 0:01:37]} fxg5
{[%clk 0:00:05]} 23. Bxg5 {[%clk 0:01:38]} Bxg5 {[%clk 0:00:05]} 24. Qxg5
{[%clk 0:01:38]} Rd5 {[%clk 0:00:05]} 25. Re5 {[%clk 0:01:15]} Rxe5
{[%clk 0:00:06]} 26. dxe5 {[%clk 0:01:16]} Qf7 {[%clk 0:00:04]} 27. h4
{[%clk 0:01:06]} Bxg2 {[%clk 0:00:03]} 28. Kh2 {[%clk 0:01:04]} Bf3
{[%clk 0:00:05]} 29. Rg1 {[%clk 0:01:01]} Kg7 {[%clk 0:00:04]} 30. Rg3
{[%clk 0:00:57]} Be2 {[%clk 0:00:04]} 31. b4 {[%clk 0:00:29]} Nc4
{[%clk 0:00:04]} 32. Rc3 {[%clk 0:00:28]} b5 {[%clk 0:00:04]} 33. a4
{[%clk 0:00:29]} a6 {[%clk 0:00:05]} 34. axb5 {[%clk 0:00:30]} axb5
{[%clk 0:00:07]} 35. Kg3 {[%clk 0:00:18]} Rh8 {[%clk 0:00:05]} 36. Qxf4
{[%clk 0:00:17]} Qxf4+ {[%clk 0:00:06]} 37. Kxf4 {[%clk 0:00:18]} Rxh4+
{[%clk 0:00:07]} 38. Kg3 {[%clk 0:00:18]} Rg4+ {[%clk 0:00:08]} 39. Kh3
{[%clk 0:00:19]} Rf4 {[%clk 0:00:07]} 40. Kg3 {[%clk 0:00:18]} Rg4+
{[%clk 0:00:08]} 41. Kh3 {[%clk 0:00:19]} Rg1 {[%clk 0:00:08]} 42. Kh2
{[%clk 0:00:17]} Rxb1 {[%clk 0:00:09]} 43. Rg3 {[%clk 0:00:17]} Nxe5
{[%clk 0:00:10]} 44. Re3 {[%clk 0:00:18]} Nf3+ {[%clk 0:00:08]} 45. Kg3
{[%clk 0:00:19]} Rg1+ {[%clk 0:00:08]} 46. Kf4 {[%clk 0:00:19]} g5+
{[%clk 0:00:07]} 47. Ke4 {[%clk 0:00:20]} Rg4# {[%clk 0:00:08]} 0-1

[Event "Team Championship Russia (Blitz, Men)"]
[Site "Sochi"]
[Date "2018.10.10"]
[Round "2.36"]
[White "Dudin, Gleb"]
[Black "Pervakov, Sergey"]
[Result "1-0"]
[BlackElo "2041"]
[WhiteElo "2079"]
[LiveChessVersion "1.4.8"]

1. d4 {[%clk 0:03:03]} d6 {[%clk 0:03:03]} 2. c4 {[%clk 0:03:03]} Nf6
{[%clk 0:03:05]} 3. Nf3 {[%clk 0:03:04]} g6 {[%clk 0:03:06]} 4. g3
{[%clk 0:03:05]} Bg7 {[%clk 0:03:07]} 5. Bg2 {[%clk 0:03:06]} O-O
{[%clk 0:03:07]} 6. O-O {[%clk 0:03:07]} Nc6 {[%clk 0:03:08]} 7. Nc3
{[%clk 0:03:07]} a6 {[%clk 0:03:07]} 8. b3 {[%clk 0:03:06]} Rb8 {[%clk 0:03:01]}
9. Bb2 {[%clk 0:02:44]} Bd7 {[%clk 0:02:45]} 10. Rc1 {[%clk 0:02:43]} e5
{[%clk 0:02:15]} 11. Qd2 {[%clk 0:02:24]} Re8 {[%clk 0:02:00]} 12. dxe5
{[%clk 0:01:51]} dxe5 {[%clk 0:01:55]} 13. e4 {[%clk 0:01:30]} Qc8
{[%clk 0:01:34]} 14. Rfe1 {[%clk 0:01:25]} Bh3 {[%clk 0:01:24]} 15. Nd5
{[%clk 0:01:18]} Bxg2 {[%clk 0:01:09]} 16. Kxg2 {[%clk 0:01:19]} Nd7
{[%clk 0:01:00]} 17. b4 {[%clk 0:01:03]} Ne7 {[%clk 0:00:52]} 18. c5
{[%clk 0:00:54]} Nxd5 {[%clk 0:00:44]} 19. Qxd5 {[%clk 0:00:38]} c6
{[%clk 0:00:38]} 20. Qb3 {[%clk 0:00:30]} h6 {[%clk 0:00:33]} 21. Nd2
{[%clk 0:00:30]} Qc7 {[%clk 0:00:27]} 22. Nc4 {[%clk 0:00:27]} Nf8
{[%clk 0:00:25]} 23. Nd6 {[%clk 0:00:13]} Red8 {[%clk 0:00:26]} 24. Nc4
{[%clk 0:00:05]} Ne6 {[%clk 0:00:26]} 25. a4 {[%clk 0:00:05]} Nd4
{[%clk 0:00:26]} 26. Bxd4 {[%clk 0:00:06]} exd4 {[%clk 0:00:26]} 27. a5
{[%clk 0:00:03]} d3 {[%clk 0:00:25]} 28. Rcd1 {[%clk 0:00:03]} Qd7
{[%clk 0:00:22]} 29. Nd6 {[%clk 0:00:04]} Be5 {[%clk 0:00:11]} 30. Rxd3
{[%clk 0:00:04]} Qc7 {[%clk 0:00:11]} 31. Red1 {[%clk 0:00:04]} Bxd6
{[%clk 0:00:10]} 32. Rxd6 {[%clk 0:00:05]} Rxd6 {[%clk 0:00:08]} 33. Rxd6
{[%clk 0:00:06]} Re8 {[%clk 0:00:08]} 34. Qd3 {[%clk 0:00:06]} Qe7
{[%clk 0:00:08]} 35. f3 {[%clk 0:00:05]} Qe5 {[%clk 0:00:08]} 36. h4
{[%clk 0:00:05]} Qb2+ {[%clk 0:00:09]} 37. Qd2 {[%clk 0:00:06]} Qb3
{[%clk 0:00:08]} 38. h5 {[%clk 0:00:06]} Re6 {[%clk 0:00:04]} 39. hxg6
{[%clk 0:00:07]} Rxg6 {[%clk 0:00:04]} 40. Rd8+ {[%clk 0:00:07]} Kg7
{[%clk 0:00:00]} 41. Qd4+ {[%clk 0:00:07]} 1-0

[Event "Team Championship Russia (Blitz, Men)"]
[Site "Sochi"]
[Date "2018.10.10"]
[Round "3.1"]
[White "Artemiev, Vladislav"]
[Black "Grachev, Boris"]
[Result "1/2-1/2"]
[BlackElo "2646"]
[WhiteElo "2849"]
[LiveChessVersion "1.4.8"]

1. c4 {[%clk 0:03:02]} e6 {[%clk 0:03:04]} 2. Nf3 {[%clk 0:03:02]} d5
{[%clk 0:03:05]} 3. e3 {[%clk 0:03:03]} Nf6 {[%clk 0:03:05]} 4. b3
{[%clk 0:03:04]} Be7 {[%clk 0:02:53]} 5. Bb2 {[%clk 0:03:05]} O-O
{[%clk 0:02:53]} 6. Nc3 {[%clk 0:03:06]} Nbd7 {[%clk 0:02:36]} 7. Qc2
{[%clk 0:02:45]} c6 {[%clk 0:02:31]} 8. Rg1 {[%clk 0:02:39]} Nc5 {[%clk 0:02:11]}
9. g4 {[%clk 0:02:38]} Nfe4 {[%clk 0:02:11]} 10. g5 {[%clk 0:02:34]} f5
{[%clk 0:01:39]} 11. d3 {[%clk 0:02:18]} Nxg5 {[%clk 0:01:29]} 12. Nxg5
{[%clk 0:02:19]} Bxg5 {[%clk 0:01:29]} 13. cxd5 {[%clk 0:02:20]} cxd5
{[%clk 0:01:13]} 14. Nxd5 {[%clk 0:02:15]} exd5 {[%clk 0:01:06]} 15. Qxc5
{[%clk 0:02:07]} Bf6 {[%clk 0:01:07]} 16. Bxf6 {[%clk 0:01:33]} Qxf6
{[%clk 0:01:08]} 17. Qxd5+ {[%clk 0:01:34]} Be6 {[%clk 0:01:10]} 18. Qd4
{[%clk 0:01:35]} Qxd4 {[%clk 0:01:09]} 19. exd4 {[%clk 0:01:36]} Rfd8
{[%clk 0:01:01]} 20. Rc1 {[%clk 0:01:08]} Rac8 {[%clk 0:00:59]} 21. Rxc8
{[%clk 0:01:07]} Bxc8 {[%clk 0:01:00]} 22. Kd2 {[%clk 0:01:02]} Rxd4
{[%clk 0:01:01]} 23. Bg2 {[%clk 0:01:03]} b6 {[%clk 0:00:52]} 24. Ke3
{[%clk 0:01:04]} Rd7 {[%clk 0:00:44]} 25. Rc1 {[%clk 0:01:02]} Ba6
{[%clk 0:00:43]} 26. Rc3 {[%clk 0:00:55]} Kf7 {[%clk 0:00:31]} 27. a4
{[%clk 0:00:34]} Re7+ {[%clk 0:00:31]} 28. Kd2 {[%clk 0:00:33]} Bb7
{[%clk 0:00:26]} 29. Bxb7 {[%clk 0:00:32]} Rxb7 {[%clk 0:00:27]} 30. Rc6
{[%clk 0:00:33]} Ke7 {[%clk 0:00:24]} 31. Ke3 {[%clk 0:00:31]} Kd7
{[%clk 0:00:25]} 32. Rc4 {[%clk 0:00:32]} Kd6 {[%clk 0:00:25]} 33. Kf4
{[%clk 0:00:32]} g6 {[%clk 0:00:21]} 34. h4 {[%clk 0:00:18]} b5 {[%clk 0:00:20]}
35. Rb4 {[%clk 0:00:15]} a6 {[%clk 0:00:21]} 36. axb5 {[%clk 0:00:16]} axb5
{[%clk 0:00:21]} 37. Ke3 {[%clk 0:00:11]} Kc5 {[%clk 0:00:20]} 38. Rf4
{[%clk 0:00:12]} Re7+ {[%clk 0:00:19]} 39. Kd2 {[%clk 0:00:14]} Ra7
{[%clk 0:00:19]} 40. Kc3 {[%clk 0:00:09]} Ra2 41. b4+ Kd5 {[%clk 0:00:10]} 42.
Rd4+ {[%clk 0:00:11]} Kc6 {[%clk 0:00:10]} 43. Rf4 {[%clk 0:00:07]} Kd5
{[%clk 0:00:11]} 44. Rd4+ {[%clk 0:00:07]} Kc6 {[%clk 0:00:13]} 45. Rf4
{[%clk 0:00:08]} 1/2-1/2

[Event "Team Championship Russia (Blitz, Men)"]
[Site "Sochi"]
[Date "2018.10.10"]
[Round "3.3"]
[White "Timofeev, Artyom"]
[Black "Malakhov, Vladimir"]
[Result "0-1"]
[BlackElo "2630"]
[WhiteElo "2610"]
[LiveChessVersion "1.4.8"]

1. e4 {[%clk 0:03:02]} e5 {[%clk 0:03:03]} 2. Nf3 {[%clk 0:03:03]} Nc6
{[%clk 0:03:05]} 3. Nc3 {[%clk 0:03:03]} Nf6 {[%clk 0:03:05]} 4. d4
{[%clk 0:03:03]} exd4 {[%clk 0:03:06]} 5. Nxd4 {[%clk 0:03:04]} Bb4
{[%clk 0:03:07]} 6. Nxc6 bxc6 {[%clk 0:03:08]} 7. Bd3 {[%clk 0:03:04]} O-O
{[%clk 0:03:08]} 8. O-O {[%clk 0:03:04]} d5 {[%clk 0:03:09]} 9. exd5
{[%clk 0:03:05]} cxd5 {[%clk 0:03:10]} 10. Bg5 {[%clk 0:03:02]} c6
{[%clk 0:03:10]} 11. Qf3 {[%clk 0:03:01]} h6 {[%clk 0:03:09]} 12. Bh4
{[%clk 0:02:57]} g5 {[%clk 0:03:03]} 13. Qg3 {[%clk 0:02:29]} Bd6
{[%clk 0:02:17]} 14. f4 {[%clk 0:02:29]} Ng4 {[%clk 0:02:18]} 15. Bxg5
{[%clk 0:01:46]} hxg5 {[%clk 0:02:12]} 16. h3 {[%clk 0:01:47]} Bxf4
{[%clk 0:01:47]} 17. Qf3 {[%clk 0:01:48]} Ne5 {[%clk 0:01:39]} 18. Qe2
{[%clk 0:01:33]} Qb6+ {[%clk 0:01:36]} 19. Kh1 {[%clk 0:01:34]} Qe3
{[%clk 0:01:34]} 20. Qxe3 {[%clk 0:00:53]} Bxe3 {[%clk 0:01:35]} 21. Bf5
{[%clk 0:00:53]} Bxf5 {[%clk 0:01:29]} 22. Rxf5 {[%clk 0:00:54]} f6
{[%clk 0:01:29]} 23. Ne2 {[%clk 0:00:52]} Kg7 {[%clk 0:01:26]} 24. Rff1
{[%clk 0:00:50]} Kg6 {[%clk 0:01:24]} 25. Rae1 {[%clk 0:00:47]} d4
{[%clk 0:01:17]} 26. Rd1 {[%clk 0:00:47]} c5 {[%clk 0:01:17]} 27. b4
{[%clk 0:00:47]} cxb4 {[%clk 0:01:16]} 28. Nxd4 {[%clk 0:00:48]} Bxd4
{[%clk 0:01:17]} 29. Rxd4 {[%clk 0:00:49]} a5 {[%clk 0:01:17]} 30. a3
{[%clk 0:00:46]} bxa3 {[%clk 0:01:16]} 31. Ra4 {[%clk 0:00:47]} Rfc8
{[%clk 0:01:16]} 32. Rxa3 {[%clk 0:00:45]} Rxc2 {[%clk 0:01:16]} 33. Rfa1
{[%clk 0:00:45]} Nc4 {[%clk 0:01:15]} 34. Ra4 {[%clk 0:00:46]} Ne3
{[%clk 0:01:12]} 35. Rg1 {[%clk 0:00:36]} Rd2 {[%clk 0:01:02]} 36. Ra3
{[%clk 0:00:36]} Nf5 {[%clk 0:00:58]} 37. Rga1 {[%clk 0:00:34]} Nh4
{[%clk 0:00:54]} 38. g3 {[%clk 0:00:28]} Nf5 {[%clk 0:00:54]} 39. g4
{[%clk 0:00:29]} Nd4 {[%clk 0:00:49]} 40. Rc1 {[%clk 0:00:24]} a4
{[%clk 0:00:49]} 41. Rb1 {[%clk 0:00:21]} Nc2 {[%clk 0:00:44]} 42. Ra2
{[%clk 0:00:20]} Rh8 {[%clk 0:00:45]} 0-1